Corporate finance /

Saved in:
Bibliographic Details
Main Authors: Ross, Stephen A (Author), Westerfield, Randolph W (Author)
Format: Book
Language:English
Published: St.Louis : Times Mirror/Mosby College Publishing, 1988
Edition:1.vyd.
Subjects:
Tags: Add Tag
No Tags, Be the first to tag this record!

MARC

LEADER 00000nam a22000003a 4500
001 stu4497
005 20150617225810.2
008 930820s1988----xxu-----------------eng-d
020 |a 0-8016-5186-7 
040 |a STU  |b slo 
041 0 |a eng 
044 |a xxu 
080 |a 336.64 
080 |a 658.14/.17 
100 1 |a Ross, Stephen A  |4 aut 
245 1 |a Corporate finance /  |c [aut.] Ross,Stephen A.; Westerfield,Randolph W 
250 |a 1.vyd. 
260 |a St.Louis :  |b Times Mirror/Mosby College Publishing,  |c 1988 
300 |a 857 s 
650 7 |a financie podniku  |2 stusub 
650 7 |a tvorba kapitálu  |2 stusub 
650 7 |a financovanie podniku  |2 stusub 
650 7 |a podnikové finančné hospodárstvo  |2 stusub 
700 1 |a Westerfield, Randolph W  |4 aut 
996 |b E78228  |c R*78228  |l RRUM  |s A  |a 24  |w stu4497_0001